000 01219nam a2200253Ia 4500
999 _c38529
_d38529
001 4630
003 GE_BSU
005 20190510154414.0
008 181216s2000|||| |||||||||||||| ||geo||
040 _cGE_BSU
041 _ageo
080 _a811.111(075.8) ბ- 84
100 _aბონკი,ნ.ა.
_9968
245 _aინგლისური ენის სხელმძღვანელო : ნაწ .1 : /
_cნ.ა.ბონკი ; გ.ა.კოტი ; ნ.ა. ლუკიანოვა ; თარგმნ : მარინა ლოგუა ; რედ : მანანა არჩვაძე
264 _aთბილისი .:
_bაღმაშენებელი,
_c2000.
300 _a640გვ . ;
_c20 სმ.
653 _aინგლისური ენის სხელმძღვანელო
653 _aინგლისური ენა
700 _a.კოტი, გ.ა.
_9969
700 _aლუკიანოვა, ნ.ა
_9970
700 _aლოგუა, მარინა
_eმთარგმნელი
_9971
700 _aარჩვაძე , მანანა
_eრედაქტორი
_9972
942 _cBK
_2udc